The oil palm industry of Malaysia : An economic study

The oil palm industry has transformed rural livelihoods and landscapes across wide swathes of Indonesia and Malaysia, generating wealth along with economic, social, and environmental controversy. Who benefits and who loses from oil palm development? Can oil palm development provide a basis for inclu...

Descrición completa

Gardado en:
Detalles Bibliográficos
Autor Principal: Khera, Harcharan Singh
Formato: Libro
Idioma:Undetermined
Publicado: Kuala Lumpur Penerbit Universiti Malaya 1976
Những chủ đề:
Các nhãn: Engadir etiqueta
Sen Etiquetas, Sexa o primeiro en etiquetar este rexistro!
Thư viện lưu trữ: Trung tâm Học liệu Trường Đại học Cần Thơ
LEADER 00974nam a2200217Ia 4500
001 CTU_230013
008 210402s9999 xx 000 0 und d
082 |a 338.476643 
082 |b K45 
100 |a Khera, Harcharan Singh 
245 4 |a The oil palm industry of Malaysia : 
245 3 |b An economic study 
245 0 |c Harcharan Singh Khera 
260 |a Kuala Lumpur 
260 |b Penerbit Universiti Malaya 
260 |c 1976 
520 |a The oil palm industry has transformed rural livelihoods and landscapes across wide swathes of Indonesia and Malaysia, generating wealth along with economic, social, and environmental controversy. Who benefits and who loses from oil palm development? Can oil palm development provide a basis for inclusive and sustainable rural development? 
650 |a Ngành công nghiệp dầu cọ,Palm oil industry 
650 |z Malaysia,Malaysia 
910 |b dqhieu 
980 |a Trung tâm Học liệu Trường Đại học Cần Thơ